000 00414nam a22001577a 4500
999 _c17598
_d17598
003 OSt
005 20221109145002.0
008 221109b ||||| |||| 00| 0 eng d
040 _c0
100 _aTupas, Cedelf P.
_946748
245 _aPlayoff-bound Pasig still has lot to learn /
260 _aPhilippines ;
_cJanuary 27, 2020.
_bInquirer,
300 _apage A18
650 _aSports.
_946749
942 _2ddc
_cPER